000 00658nam a2200193Ii 4500
003 JO-AjNU
008 230605s9999||||xx |||||||||||||| ||und||
040 _aJO-AjNU
_bara
_erda
_cJO-AjNU
041 _aara
050 1 4 _aPJ7866.D96.Z77 2008
100 3 _aالأمانة العامة للمجلس الوطني,
_eauthor
_947508
245 0 0 _aمنارات ثقافية
264 3 1 _aعمان: الأمانة العامة للمجلس الوطني، 2008
300 _a320ص
336 _atext
_btxt
_2rdacontent
337 _aunmediated
_bn
_2rdamedia
338 _avolume
_bnc
_2rdacarrier
650 4 _aالأدب العربي - تاريخ ونقد
_947509
999 _aA20744
_c24312
_d24312